00000000nam 2200000zi 4500
0019.925818
003CaOODSP
00520250130124148
006m     o  d f      
007cr |n|||||||||
008230123e199009##onc     o    f|0| 0 eng d
040 |aCaOODSP|beng|erda|cCaOODSP
043 |an-cn---
0861 |aEn37-630/1990E-PDF
24500|aWater charges to power companies in Canada, 1988.
264 1|aOttawa, Ontario : |bDepartment of the Environment, Water Planning and Management Branch, Socio-Economic Division, |cSeptember 1990.
300 |a1 online resource (iii, 18 pages)
336 |atext|btxt|2rdacontent
337 |acomputer|bc|2rdamedia
338 |aonline resource|bcr|2rdacarrier
500 |aDigitized edition from print [produced by Environment and Climate Change Canada].
650 0|aWater use|xRates|zCanada.
650 6|aEau|xUtilisation|xTarifs|zCanada.
7101 |aCanada. |bInland Waters Directorate. |bWater Planning and Management Branch, |eissuing body.
85640|qPDF|s614 KB|uhttps://publications.gc.ca/collections/collection_2025/eccc/en37/En37-630-1990-eng.pdf